महाकवि पं. रामचरित उपाध्यायः (Record no. 52235)

MARC details
000 -LEADER
fixed length control field 01475nam a22003017a 4500
005 - DATE AND TIME OF LATEST TRANSACTION
control field 20080918163843.0
008 - FIXED-LENGTH DATA ELEMENTS--GENERAL INFORMATION
fixed length control field 080918t xxu||||| |||| 00| 0 hin d
010 ## - LCCN (DPL NO)
LC control number HIN-92637
020 ## - INTERNATIONAL STANDARD BOOK NUMBER
International Standard Book Number 9788180971440
Terms of availability 150.00
035 ## - SYSTEM CONTROL NUMBER
System control number HN-64983
037 ## - SOURCE OF ACQUISITION
Source of stock number/acquisition DBAD / PUB
040 ## - CATALOGING SOURCE
Original cataloging agency DPL
Language of cataloging HN
082 ## - DEWEY DECIMAL CLASSIFICATION NUMBER
Classification number 821
100 ## - MAIN ENTRY--PERSONAL NAME
9 (RLIN) 747
Personal name कन्हैया सिंह
245 ## - TITLE STATEMENT
Title महाकवि पं. रामचरित उपाध्यायः
Statement of responsibility, etc कन्हैया सिंह
Remainder of title काव्यसंग्रह- राष्ट्रभारती के साथ /
260 ## - PUBLICATION, DISTRIBUTION, ETC. (IMPRINT)
Place of publication, distribution, etc इलाहाबाद
Name of publisher, distributor, etc साहित्य संगम
Date of publication, distribution, etc 2010
270 ## - ADDRESS
Address नया 100, लूकरगंज
City इलाहाबाद
300 ## - PHYSICAL DESCRIPTION
Extent 135पृ.
Dimensions 22सेमी (सजिल्द)
650 ## - SUBJECT ADDED ENTRY--TOPICAL TERM
9 (RLIN) 697
Topical term or geographic name as entry element हिन्दी कविता
650 ## - SUBJECT ADDED ENTRY--TOPICAL TERM
9 (RLIN) 698
Topical term or geographic name as entry element Hindi Poetry
700 ## - ADDED ENTRY--PERSONAL NAME
9 (RLIN) 27881
700 ## - ADDED ENTRY--PERSONAL NAME
9 (RLIN) 27882
700 ## - ADDED ENTRY--PERSONAL NAME
9 (RLIN) 27883
942 ## - ADDED ENTRY ELEMENTS (KOHA)
Source of classification or shelving scheme Dewey Decimal Classification
Item type Hindi Books
Call number suffix कन्हैया
Classification part 821
Holdings
Withdrawn status Lost status Source of classification or shelving scheme Damaged status Not for loan Collection code Home library Current library Date acquired Source of acquisition Cost, normal purchase price Total Checkouts Full call number Barcode Date last seen Copy number Cost, replacement price Koha item type
    Dewey Decimal Classification   Not For Loan Non-fiction D.B.Act.Division D.B.Act.Division 09/05/2011 DBAD /PUB 150.00   821 कन्हैया HN-64983 09/05/2011 1 150.00 Hindi Books

© Delhi Public Library
Hit Counter
free hit counter